Normal view
MARC view
Entry Personal Name
001 - CONTROL NUMBER
- control field: 272646
003 - CONTROL NUMBER IDENTIFIER
- control field: MY-SjTCS
005 - DATE AND TIME OF LATEST TRANSACTION
- control field: 20200306165746.0
008 - FIXED-LENGTH DATA ELEMENTS
- fixed length control field: 200306|| aca||aabn | a|a d
040 ## - CATALOGING SOURCE
- Original cataloging agency: MY-SjTCS
- Transcribing agency: MY-SjTCS
100 ## - HEADING--PERSONAL NAME
- Personal name: Mitchell, Jason D.
- Fuller form of name: (Jason David),
- Dates associated with a name: 1966-
670 ## - SOURCE DATA FOUND
- Source citation: Work cat.: (MY-SjTCS)57498: Mitchell, Jason D. (Jason David), 1966-, Seasonalities in China's stock markets, 2006.